Faktor geopolitiky a diplomacie Ruské reformy

Potreba ujasnenia miesta Ruska v súčasnom svete. Rusko v geopolitickom priestore. Zahraničnopolitické problémy Ruska. Geopolitika a rozvoj vnútorných politických procesov.

Guardado en:
Detalles Bibliográficos
Autor principal: Remčukov, K.
Formato: Capítulo de libro
Lenguaje:checo
Materias:
Etiquetas: Agregar Etiqueta
Sin Etiquetas, Sea el primero en etiquetar este registro!

MARC

LEADER 00000naa a2200000 4500
001 r024607
005 20221208130726.9
041 0 |a cze 
044 |a CZ 
245 1 0 |a Faktor geopolitiky a diplomacie  |b Ruské reformy  |c K. Remčukov 
520 |a Potreba ujasnenia miesta Ruska v súčasnom svete. Rusko v geopolitickom priestore. Zahraničnopolitické problémy Ruska. Geopolitika a rozvoj vnútorných politických procesov. 
610 2 0 |a politika vnútorná 
610 2 0 |a politika zahraničná 
610 2 0 |a geopolitika 
610 2 0 |a reformy hospodárske 
610 2 0 |a Rusko 
610 2 0 |a hospodárstvo svetové 
100 1 |a Remčukov, K.